[Event "North American Open"]
[Site "Las Vegas USA"]
[Date "2007.12.28"]
[Round "5"]
[White "Andrews,T"]
[Black "Nakamura,H"]
[Result "0-1"]
[WhiteElo "2304"]
[BlackElo "2648"]

1.e4 Nf6 2.e5 Nd5 3.d4 d6 4.exd6 cxd6 5.c4 Nb6 6.Nc3 g6 7.Be3 Bg7 8.Rc1 O-O
9.b3 Bf5 10.Nf3 Bg4 11.Be2 e6 12.O-O d5 13.c5 Nc8 14.b4 Bxf3 15.Bxf3 a6 16.a4 Nc6
17.b5 Na5 18.Re1 h6 19.Bf4 Ne7 20.Be5 Bxe5 21.Rxe5 Nf5 22.Be2 axb5 23.axb5 Qf6
24.f4 Nxd4 25.Qxd4 Nb3 26.Qe3 d4 27.Ne4 Qxe5 28.Qf3 Qf5 29.g4 Qxe4 30.Qxe4 Nxc1
31.Bc4 d3 32.Qe3 Rfd8 33.Qd2 Ra4 34.Bxd3 Nxd3 35.c6 Ra1+  0-1

[Event "North American Open"]
[Site "Las Vegas USA"]
[Date "2007.12.29"]
[Round "6"]
[White "Nakamura,H"]
[Black "Sharavdorj,D"]
[Result "1-0"]
[WhiteElo "2648"]
[BlackElo "2448"]

1.c4 Nf6 2.Nc3 g6 3.e4 d6 4.d4 Bg7 5.Bd3 O-O 6.Nge2 c5 7.d5 e6 8.O-O exd5
9.cxd5 a6 10.a4 Nbd7 11.Bg5 Re8 12.Qd2 Qc7 13.b3 Rb8 14.Bh6 Bh8 15.f3 Ne5
16.Bc2 b5 17.h3 b4 18.Nd1 c4 19.Rc1 a5 20.Nf2 Ba6 21.Rfd1 Qb6 22.Nd4 Nfd7
23.Be3 Nc5 24.f4 cxb3 25.fxe5 bxc2 26.Rxc2 b3 27.Rcc1 b2 28.Rb1 Qb4 29.Qxb4 Rxb4
30.Nc6 Bxe5 31.Bxc5 dxc5 32.d6 Bc8 33.Nxe5 Rxe5 34.Nd3 Rexe4 35.Nxb4 axb4
36.d7 Bxd7 37.Rxd7 Re2 38.a5 c4 39.Kf1 Rc2 40.Rdd1 c3 41.a6  1-0

[Event "North American Open"]
[Site "Las Vegas USA"]
[Date "2007.12.29"]
[Round "7"]
[White "Shabalov,A"]
[Black "Nakamura,H"]
[Result "0-1"]
[WhiteElo "2626"]
[BlackElo "2648"]

1.e4 c5 2.Nf3 d6 3.c3 Nf6 4.h3 g6 5.Bd3 Bg7 6.Bc2 Nc6 7.O-O O-O 8.Re1 e5
9.a3 Ne8 10.b4 Nc7 11.d3 b6 12.Nbd2 Kh8 13.Rb1 Ne6 14.Bb3 Rb8 15.Bd5 Qc7
16.b5 Ne7 17.Ba2 Nf4 18.Nc4 Be6 19.Ng5 Rbd8 20.Nxe6 fxe6 21.Ne3 d5 22.Qc2 c4
23.dxc4 d4 24.Nf1 d3 25.Qd1 Ne2+ 26.Rxe2 dxe2 27.Qxe2 Ng8 28.a4 Rfe8 29.Bg5 Bf6
30.Be3 Be7 31.Nd2 Nf6 32.Rf1 Nd7 33.c5 Nxc5 34.Qc4 Rc8 35.Nf3 Bf6 36.Rc1 Qb7
37.Bb1 Red8 38.Qb4 Kg7 39.Rf1 Qc7 40.Ng5 h6 41.Nf3 Nd3 42.Qb3 Qc4 43.Qxc4 Rxc4
44.a5 Nc5 45.Rc1 Na4 46.axb6 axb6 47.Bd2 Nxc3 48.Bxc3 Rdc8 49.Rd1 Rxc3 50.Rd7+ Kf8
51.Ba2 Rd8 52.Bxe6 Rxd7 53.Bxd7 Ke7 54.Bc6 Bg7 55.Kf1 Kf6 56.Ne1 Bf8 57.Ke2 Bb4
58.h4 Rc1 59.Nd3 Rc2+ 60.Kf3 Bc3 61.g3 Bd4 62.Bd5 Rd2 63.Bc4 h5 64.Kg2 Rc2
65.Bd5 Rc3 66.Ne1 Rc5 67.Bc6 Rc1 68.Nd3 Rd1 69.Nb4 Rd2 70.Nd5+ Kg7 71.g4 hxg4
72.Kg3 Bxf2+ 73.Kxg4 Rd3  0-1

[Event "6th Gibtelecom Masters"]
[Site "Gibraltar ENG"]
[Date "2008.01.23"]
[Round "2"]
[White "Nakamura,H"]
[Black "Szabo,Krisz1"]
[Result "1-0"]
[WhiteElo "2670"]
[BlackElo "2500"]

1.c4 e6 2.Nc3 d5 3.d4 c6 4.Nf3 Nf6 5.Bg5 h6 6.Bh4 dxc4 7.e4 g5 8.Bg3 b5 9.e5 Nd5
10.Nd2 Bb7 11.Be2 Nd7 12.a4 Qb6 13.O-O a5 14.Nde4 b4 15.Na2 c5 16.Bxc4 cxd4
17.Bb5 Be7 18.Nc1 h5 19.h3 Rd8 20.Nb3 Kf8 21.Rc1 Nf4 22.Re1 d3 23.Bxf4 gxf4
24.Bxd7 Rxd7 25.Qd2 f3 26.g3 Rg8 27.Nbc5 Bxc5 28.Nxc5 Rd8 29.Qe3 Ke7 30.Red1 Ba8
31.Qf4 Rg6 32.Qh4+ Kf8 33.Rxd3 Rxd3 34.Nxd3 Bb7 35.Nf4 Rg8 36.Rd1 Bd5 37.Nxd5 exd5
38.Rxd5 Rg6 39.Rd3 Qc5 40.Qf4 h4 41.Qxh4 Kg7 42.Qf4  1-0

[Event "6th Gibtelecom Masters"]
[Site "Gibraltar ENG"]
[Date "2008.01.25"]
[Round "4"]
[White "Nakamura,H"]
[Black "Al Modiahki,M"]
[Result "1/2-1/2"]
[WhiteElo "2670"]
[BlackElo "2569"]

1.d4 Nf6 2.Bg5 e6 3.e4 h6 4.Bxf6 Qxf6 5.c3 d6 6.Bd3 g6 7.Ne2 Bg7 8.f4 Qh4+
9.g3 Qe7 10.e5 Bd7 11.Nd2 Nc6 12.Qc2 O-O-O 13.O-O-O Be8 14.Rhf1 f5 15.exf6 Qxf6
16.Rde1 Ne7 17.Ng1 Bd7 18.Ngf3 Qf7 19.Qb3 Rhe8 20.Re2 Qg8 21.Bc4 Nd5 22.Rfe1 b6
23.Ba6+ Kb8 24.Bb5 c6 25.Bd3 g5 26.fxg5 hxg5 27.Nxg5 Bxd4 28.Nge4 Be5 29.Nc4 Bc8
30.Nxe5 dxe5 31.Qc2 Re7 32.Kb1 Red7 33.Bc4 Qg6 34.Nf2 Qh5 35.Nd3 e4 36.Rxe4 b5
37.Bxd5 Rxd5 38.Re5 Qh7 39.Rxd5 exd5 40.Ka1 Bf5 41.Re3 Qh6 42.Qd2 Bxd3 43.Rxd3 Rf8
44.a3 Rf1+ 45.Ka2 Qxd2 46.Rxd2 Rg1 47.a4 bxa4 48.c4 dxc4 49.Rc2 Kb7 50.Ka3 a5
51.Ka2 a3 52.bxa3 Kb6 53.h4 Rxg3 54.Rh2 c3 55.Kb1 c2+ 56.Kxc2  1/2-1/2

[Event "6th Gibtelecom Masters"]
[Site "Gibraltar ENG"]
[Date "2008.01.26"]
[Round "5"]
[White "Zhao Zong Yuan"]
[Black "Nakamura,H"]
[Result "1-0"]
[WhiteElo "2487"]
[BlackElo "2670"]

1.e4 Nf6 2.e5 Nd5 3.d4 d6 4.c4 Nb6 5.exd6 exd6 6.Nc3 Be7 7.Bd3 Nc6 8.Nge2 Bg4
9.h3 Bh5 10.Be3 O-O 11.d5 Ne5 12.b3 Bf6 13.Rc1 Bg5 14.f4 Bh4+ 15.Bf2 Bxe2
16.Bxe2 Bxf2+ 17.Kxf2 Qf6 18.g3 Rae8 19.Re1 Ned7 20.Bf3 Nc5 21.Qd2 a6 22.Kg2 Qf5
23.Re3 Rxe3 24.Qxe3 Qd3 25.Qxd3 Nxd3 26.Rd1 Nc5 27.Re1 Rd8 28.Re7 Ncd7 29.Be2 Kf8
30.Re3 Nb8 31.Bd3 h6 32.g4 a5 33.Nb5 Na6 34.a3 g5 35.Kf3 Nc5 36.Bc2 Na6 37.Bd3 Nc5
38.Bc2 gxf4 39.Kxf4 a4 40.Nxc7 axb3 41.Bxb3 Nbd7 42.Nb5 Ne5 43.Ba2 Ncd3+
44.Kf5 Nc1 45.Nxd6 Ng6 46.Nxb7 Rb8 47.c5 Rxb7 48.Bc4 Rb2 49.Ke4 Ke7 50.Kd4+ Kd8
51.c6 Nf4 52.d6 Rd2+ 53.Kc5 Ncd3+ 54.Kb6 Rc2 55.Bxf7  1-0

[Event "6th Gibtelecom Masters Rapid Playoff"]
[Site "Gibraltar ENG"]
[Date "2008.01.31"]
[Round "1"]
[White "Nakamura,H"]
[Black "Bu Xiangzhi"]
[Result "1-0"]
[WhiteElo "2670"]
[BlackElo "2691"]

1.d4 d5 2.c4 c6 3.Nf3 Nf6 4.e3 g6 5.Nc3 Bg7 6.Be2 O-O 7.O-O a6 8.a4 dxc4
9.a5 Bg4 10.Ne5 Bxe2 11.Qxe2 Qc7 12.Nxc4 Nbd7 13.e4 e5 14.Be3 Rfe8 15.Rfd1 exd4
16.Bxd4 Re6 17.f3 Nh5 18.Bxg7 Kxg7 19.Qc2 Rae8 20.Ne2 Ne5 21.Ne3 Nf6 22.Qc3 Kg8
23.Ng3 Rd8 24.f4 Neg4 25.Nxg4 Nxg4 26.e5 Nh6 27.Ne4 Nf5 28.g4 Ne7 29.Ng5 Nd5
30.Qh3 h5 31.Nxe6 fxe6 32.gxh5 Nxf4 33.Qh4 Rf8 34.hxg6 Qg7 35.Qh7+ Qxh7 36.gxh7+ Kxh7
37.Rd7+ Kg6 38.Rxb7 Kf5 39.Rb6 Ke4 40.Re1+ Kf3 41.Rb3+ Kg4 42.Rf1 Ne2+ 43.Kg2 Rd8
44.Rb4+ Kg5 45.Rf2 Nc1 46.h3 Nd3 47.Rg4+ Kh5 48.Rf7 Kh6 49.Rf6+ Kh5 50.Rxe6 Rb8
51.b4 Nxb4 52.Re7 Kh6 53.Rc7 Nd5 54.Rxc6+ Kh5 55.Re4 Kg5 56.e6 Kf5 57.e7 Re8
58.Rce6 Nf4+ 59.Rxf4+ Kxe6 60.Re4+ Kd7 61.Kf3  1-0

[Event "6th Gibtelecom Masters Rapid Playoff"]
[Site "Gibraltar ENG"]
[Date "2008.01.31"]
[Round "2"]
[White "Bu Xiangzhi"]
[Black "Nakamura,H"]
[Result "0-1"]
[WhiteElo "2691"]
[BlackElo "2670"]

1.d4 d5 2.c4 c6 3.Nf3 e6 4.Qc2 Nf6 5.Bg5 Nbd7 6.cxd5 exd5 7.Nc3 Be7 8.e3 O-O
9.Bd3 Re8 10.O-O Nf8 11.Rae1 Ne4 12.Bxe7 Qxe7 13.Bxe4 dxe4 14.Nd2 f5 15.f3 exf3
16.Nxf3 Be6 17.e4 fxe4 18.Rxe4 Rad8 19.Rfe1 Qf6 20.Re5 Ng6 21.Ne4 Qf8 22.Neg5 Bf7
23.Nxf7 Qxf7 24.Ng5 Rxe5 25.Nxf7 Rxe1+ 26.Kf2 Rde8 27.Ne5 Nxe5 28.Kxe1 Nf3+
29.Kf2 Nxd4 30.Qa4 Rf8+ 31.Ke3 Nf5+ 32.Ke4 a6 33.Ke5 Ne3 34.Kd6 Nd5 35.Qe4 g6
36.g4 g5 37.Qe6+ Kg7 38.Kc5 h6 39.a3 Rf7 40.b4 Re7 41.Qc8 Rc7 42.Qd8 Rf7
43.Qd6 Re7 44.a4 Rf7 45.Qe5+ Kh7 46.h4 gxh4 47.Qh5 Kg7 48.g5 hxg5 49.Qxg5+ Kf8
50.Qxh4 Ke8 51.Qh8+ Kd7 52.a5 Ke6 53.Qe8+ Re7 54.Qg6+ Nf6 55.Kb6 Rd7 56.Ka7 Re7
57.Kb8 Rd7 58.Kc8 Re7 59.Qh6 Kf7 60.Qf4 Ke6 61.Qe3+ Kf7 62.Qh6 Ke6 63.Qg6 Rf7
64.Qd3 Re7 65.Qh3+ Kf7 66.Kd8 Re8+ 67.Kc7 Re7+ 68.Kd6 Ne4+  0-1

[Event "TCh-FRA Top 16 Gp A"]
[Site "Marseille FRA"]
[Date "2008.03.22"]
[Round "1"]
[White "Nakamura,H"]
[Black "Bacrot,E"]
[Result "1/2-1/2"]
[WhiteElo "2670"]
[BlackElo "2700"]

1.d4 d5 2.c4 c6 3.Nc3 Nf6 4.Nf3 dxc4 5.e4 b5 6.e5 Nd5 7.a4 e6 8.Ng5 h6 9.Nge4 b4
10.Nb1 c3 11.bxc3 bxc3 12.Ba3 c2 13.Qxc2 Nb4 14.Qc3 Qxd4 15.Qxd4 Nc2+ 16.Kd2 Nxd4
17.Kc3 Nf5 18.Nbd2 Bxa3 19.Rxa3 Nd7 20.Nc4 O-O 21.f4 Nb6 22.Nxb6 axb6 23.Bd3 Ba6
24.Bc2 Rfd8 25.g3 Be2 26.Rb1 b5 27.Rba1 Ne3 28.axb5 Rxa3+ 29.Rxa3 cxb5 30.Bb1 Rc8+
31.Kb3 Bd1+ 32.Ka2 Nc4 33.Ra7 Rd8 34.Nc3 g5 35.Nxb5 gxf4 36.gxf4 Rd2+ 37.Ka1 Rxh2
38.Bd3 Bb3 39.Bxc4 Bxc4 40.Nd6 Bd5 41.Rxf7 h5 42.Ra7 Kf8 43.Rf7+ Kg8 44.Ra7  1/2-1/2

[Event "TCh-FRA Top 16 Gp A"]
[Site "Marseille FRA"]
[Date "2008.03.23"]
[Round "2"]
[White "Baklan,V"]
[Black "Nakamura,H"]
[Result "1/2-1/2"]
[WhiteElo "2647"]
[BlackElo "2670"]

1.e4 Nf6 2.e5 Nd5 3.d4 d6 4.c4 Nb6 5.exd6 cxd6 6.Nc3 g6 7.Be3 Bg7 8.Rc1 O-O
9.b3 Bf5 10.Nf3 Bg4 11.Be2 e6 12.d5 e5 13.O-O Bxf3 14.Bxf3 Na6 15.Be2 f5
16.f3 Nc8 17.a3 Bf6 18.Bf2 Bh4 19.g3 Bg5 20.Rc2 Nc7 21.b4 b6 22.Re1 Bf6 23.Bf1 Kg7
24.Rd2 a5 25.Na4 axb4 26.axb4 Na6 27.Qb3 Rf7 28.Ra2 Rfa7 29.Nc3 Nc7 30.Rxa7 Rxa7
31.Na4 Rb7 32.Qc2 Qe8 33.Rd1 b5 34.cxb5 Nxb5 35.Qc6 Qxc6 36.dxc6 Rb8 37.Nb6 Nc3
38.Nxc8 Nxd1 39.Nxd6 Nxf2 40.c7 Ra8 41.Kxf2 Be7 42.c8=Q Rxc8 43.Nxc8 Bxb4
44.Bc4 Bc5+ 45.Ke2 h5 46.h3 Kf6 47.Kd3 Bf2 48.Ke2 Bc5 49.Bd5 Kg7 50.Kd3 Kf6
51.Kc4 Bf2 52.g4 hxg4 53.fxg4 e4 54.Nd6 Bg3 55.Nf7 Bf4 56.Kd4 Bc1 57.h4 Bb2+
58.Ke3 Bc1+ 59.Kd4 Bb2+ 60.Kc4 fxg4 61.Ng5 Kg7 62.Nxe4 Bf6 63.Nxf6 Kxf6 64.Kd4 g5  1/2-1/2

[Event "TCh-FRA Top 16 Gp A"]
[Site "Marseille FRA"]
[Date "2008.03.24"]
[Round "3"]
[White "Nakamura,H"]
[Black "Sokolov,And1"]
[Result "1-0"]
[WhiteElo "2670"]
[BlackElo "2594"]

1.e4 c5 2.Nf3 e6 3.d4 cxd4 4.Nxd4 Nc6 5.Nc3 d6 6.g4 a6 7.Be3 Nge7 8.f4 b5
9.g5 Bb7 10.Bg2 Nxd4 11.Qxd4 d5 12.O-O-O dxe4 13.Qe5 Qb8 14.Nxe4 Nf5 15.Bb6 Be7
16.Rhg1 O-O 17.Qxb8 Raxb8 18.Ba7 Ra8 19.Bf2 Kh8 20.Ng3 Nxg3 21.hxg3 Bxg2
22.Rxg2 f6 23.gxf6 Bxf6 24.Bd4 Rad8 25.Rgd2 Kg8 26.Bxf6 Rxd2 27.Kxd2 Rxf6
28.Ke3 Rh6 29.Rd6 Rh2 30.Kd3 Rg2 31.Rxa6 Rxg3+ 32.Ke4 Rg2 33.Rb6 Rxc2 34.Rxb5 h5
35.Kf3 Kf7 36.a4 e5 37.fxe5 g5 38.a5 h4 39.Kg4 Rg2+ 40.Kh3 Rg1 41.Rb3 Rh1+
42.Kg2  1-0

[Event "IX Dos Hermanas Internet"]
[Site "ICC INT"]
[Date "2008.04.04"]
[Round "1.1"]
[White "Bortnik,A"]
[Black "Nakamura,H"]
[Result "0-1"]
[WhiteElo "2153"]
[BlackElo "2686"]

1.e4 c5 2.c3 Nf6 3.e5 Nd5 4.d4 cxd4 5.Nf3 Nc6 6.cxd4 d6 7.Bc4 Nb6 8.Bb5 Bd7
9.exd6 e6 10.O-O Bxd6 11.Nc3 O-O 12.Be3 Ne7 13.Bd3 Ng6 14.Ne4 Bc6 15.Nfg5 Bxe4
16.Bxe4 Be7 17.Nh3 Nd5 18.Qh5 Nf6 19.Qf3 Nh4 20.Qf4 Nxe4 21.Qxe4 Qd5 22.Qxd5 exd5
23.Rac1 Rac8 24.Nf4 Nf5 25.Nxd5 Rfd8 26.Nxe7+ Nxe7 27.Rxc8 Rxc8 28.Rc1 Rxc1+
29.Bxc1 f6 30.Kf1 Kf7 31.Ke2 Ke6 32.Kd3 Kd5 33.Bd2 Nc6 34.Bc3 b5 35.a3 a5
36.b4 a4 37.f3 Ne7 38.g4 Nc8 39.Bd2 Nd6 40.Be3 Nc4 41.Bc1 g6 42.Kc3 Nd6 43.Kd3 Ke6
44.Bf4 Nc4 45.Bc1 Nb6 46.Ke4 f5+ 47.Kd3 Nd5 48.h3 h5 49.Bd2 Kf6 50.g5+ Ke6
51.h4 Nb6 52.Bc1 Kd5 53.Bf4 Nd7 54.Bc7 Nf8 55.Bf4 Ne6 56.Be3 f4 57.Bg1 Ng7
58.Bf2 Nf5 59.Kc3 Nd6 60.Be1 Nc4 61.Kd3 Nxa3 62.Bd2 Nc4 63.Bxf4 a3  0-1

[Event "IX Dos Hermanas Internet"]
[Site "ICC INT"]
[Date "2008.04.04"]
[Round "2.2"]
[White "Nakamura,H"]
[Black "Gormally,D"]
[Result "1-0"]
[WhiteElo "2686"]
[BlackElo "2508"]

1.d4 Nf6 2.Bg5 Ne4 3.Bf4 c5 4.f3 Qa5+ 5.c3 Nf6 6.d5 Qb6 7.Bc1 e6 8.e4 exd5
9.e5 Qe6 10.Qe2 Ng8 11.Nh3 Nc6 12.Nf4 Qxe5 13.Nxd5 Qxe2+ 14.Bxe2 Kd8 15.Na3 Nge7
16.Nxe7 Bxe7 17.Bf4 d5 18.O-O-O Be6 19.Nb5 Rc8 20.Nd6 Bxd6 21.Bxd6 Ne7 22.Rhe1 Kd7
23.Bg3 Nf5 24.Bb5+ Ke7 25.Rxd5 Kf6 26.Be5+ Kg6 27.Rd2 h5 28.Bd3 Kh6 29.h4 Nxh4
30.Rh1 Ng6 31.Bd6 Rhd8 32.Be4 Kg5 33.Bxb7 Rb8 34.Bxb8 Rxb8 35.Be4 h4 36.Bxg6  1-0

[Event "IX Dos Hermanas Internet"]
[Site "ICC INT"]
[Date "2008.04.04"]
[Round "2.1"]
[White "Gormally,D"]
[Black "Nakamura,H"]
[Result "0-1"]
[WhiteElo "2508"]
[BlackElo "2686"]

1.d4 e6 2.e4 d5 3.Nd2 dxe4 4.Nxe4 Bd7 5.Nf3 Bc6 6.Bd3 Nd7 7.O-O Ngf6 8.Re1 Bxe4
9.Bxe4 c6 10.Bd3 Qc7 11.c3 Bd6 12.Bg5 h6 13.Bh4 O-O-O 14.Qe2 g5 15.Bg3 Nh5
16.Ne5 Nxg3 17.hxg3 Bxe5 18.dxe5 Nxe5 19.Be4 Nd7 20.b4 Nf6 21.Bf3 h5 22.b5 g4
23.Be4 Nxe4 24.Qxe4 cxb5 25.a4 h4 26.gxh4 Rxh4 27.g3 Rh5 28.axb5 Rdh8 29.Rxa7 Rh1+
30.Qxh1 Rxh1+ 31.Kxh1 Qxc3 32.Raa1 Qb2 33.Rab1 Qxf2 34.b6 Qxg3 35.Red1 Qh4+
36.Kg2 Qh3+ 37.Kg1 Qg3+ 38.Kh1 Qf3+ 39.Kg1 Qe3+ 40.Kh1 Qe4+ 41.Kg1 Qe3+ 42.Kh1 Qh3+
43.Kg1 Qg3+ 44.Kh1 Qh4+ 45.Kg2 g3 46.Rh1 Qe4+ 47.Kxg3 Kd7 48.Rhd1+ Ke7 49.Rdc1 f5
50.Re1 Qd3+ 51.Kf2 Kf6 52.Rb2 Qd4+  0-1

[Event "IX Dos Hermanas Internet"]
[Site "ICC INT"]
[Date "2008.04.04"]
[Round "2.3"]
[White "Gormally,D"]
[Black "Nakamura,H"]
[Result "0-1"]
[WhiteElo "2508"]
[BlackElo "2686"]

1.d4 Nf6 2.c4 e6 3.Nf3 b6 4.a3 d5 5.Nc3 Bb7 6.cxd5 Nxd5 7.e3 Nd7 8.Bd3 c5
9.e4 Nxc3 10.bxc3 Qc8 11.O-O cxd4 12.cxd4 Ba6 13.Re1 Be7 14.Bc2 O-O 15.Bb2 Rd8
16.Qd2 Qb7 17.Rad1 Rac8 18.Bb1 Qb8 19.h3 Bf8 20.d5 e5 21.d6 Re8 22.Ba2 Bc4
23.Bxc4 Rxc4 24.Qd5 Rc5 25.Qb3 Bxd6 26.Ng5 Re7 27.Rd3 Rc8 28.Rf3 Rf8 29.Rf5 h6
30.Qg3 hxg5 31.Qxg5 Re6 32.Re3 Rg6 33.Qh5 Nf6 34.Qf3 Re8 35.Rd3 Qc7 36.g4 Bc5
37.Kg2 Nh7 38.h4 Rd6 39.g5 g6 40.Rxe5 Rxe5 41.Bxe5 Rxd3 42.Bxc7 Rxf3 43.Kxf3 Bxa3
44.Kg4 Bc5 45.f4 a5 46.f5 a4 47.h5 a3 48.Be5 b5  0-1

[Event "IX Dos Hermanas Internet"]
[Site "ICC INT"]
[Date "2008.04.05"]
[Round "3.3"]
[White "Andriasian,Z"]
[Black "Nakamura,H"]
[Result "1-0"]
[WhiteElo "2533"]
[BlackElo "2686"]

1.d4 Nf6 2.Nf3 e6 3.c4 b6 4.g3 Ba6 5.b3 d5 6.Bg2 c6 7.O-O Nbd7 8.Nbd2 Be7
9.Qc2 O-O 10.Bb2 Rc8 11.e4 c5 12.exd5 exd5 13.Rfd1 b5 14.Rac1 cxd4 15.Nxd4 bxc4
16.bxc4 Nb6 17.Nf5 Bxc4 18.Nxc4 Rxc4 19.Qe2 Re8 20.Rxc4 Nxc4 21.Bxd5 Nd6
22.Bxf6 Bxf6 23.Qf3 Nxf5 24.Bxf7+ Kxf7 25.Rxd8 Rxd8 26.Qxf5 g6 27.Qb5 Bd4
28.Kg2 Bb6 29.Qb4 Rd4 30.Qb3+ Kf8 31.a4 Rd7 32.a5 Bd4 33.Qb5 Ke7 34.h4 Kd8
35.h5 gxh5 36.Qxh5 Kc7 37.f4 Kc6 38.Qf5 Re7 39.Kh3 Bc5 40.Qd3 Rd7 41.Qa6+ Kd5
42.Qb5 Re7 43.f5 Kd4 44.f6 Rf7 45.Qc6 Bb4 46.Qe6 Rf8 47.f7  1-0

[Event "IX Dos Hermanas Internet"]
[Site "ICC INT"]
[Date "2008.04.05"]
[Round "3.5"]
[White "Andriasian,Z"]
[Black "Nakamura,H"]
[Result "1/2-1/2"]
[WhiteElo "2533"]
[BlackElo "2686"]

1.d4 Nf6 2.Nf3 e6 3.c4 b6 4.g3 Ba6 5.b3 Bb4+ 6.Bd2 Be7 7.Bg2 c6 8.O-O d5
9.Qc2 O-O 10.Bf4 Nbd7 11.Rd1 Rc8 12.Nc3 c5 13.dxc5 Bxc5 14.e3 dxc4 15.bxc4 Qe7
16.Qa4 Bb7 17.Nb5 e5 18.Bg5 h6 19.Bxf6 Nxf6 20.Nh4 Bxg2 21.Nxg2 Qe6 22.Qb3 Qh3
23.f3 a6 24.Nc3 e4 25.Nxe4 Nxe4 26.fxe4 Rfe8 27.Nf4 Qg4 28.Qd3 Qf3 29.Re1 Rcd8
30.Nd5 Qxe4 31.Qxe4 Rxe4 32.Rac1 b5 33.Rcd1 Kf8 34.cxb5 axb5 35.Kf2 Re5 36.Nc3 Ra8
37.Re2 Ra3 38.Nd5 g6 39.Kf3 Kg7 40.g4 h5 41.h3 b4 42.Rdd2 Ra8 43.Rd3 Rh8
44.Rc2 hxg4+ 45.hxg4 Bd6 46.Rc6 Bb8 47.Rd4 Rh3+ 48.Kg2 Rh4 49.Kf3 Re8 50.Rxb4 Rh3+
51.Kg2 Rh2+ 52.Kf3 Rxa2 53.Rb7 Bh2 54.Nf6 Rf8 55.g5 Bg1 56.Rcc7 Rf2+ 57.Ke4 Rf5
58.Re7 Rxg5 59.Ne8+ Kh6 60.Nd6 Rg3 61.Nxf7+ Kh5 62.Re5+ g5 63.Kd3 Kh4 64.Nd6 Rxe3+
65.Rxe3 Bxe3 66.Kxe3 g4 67.Ne4 g3 68.Rh7+ Kg4 69.Rg7+ Kf5 70.Rxg3 Ke5 71.Rg5+ Rf5
72.Rg8 Rf1 73.Re8+ Kd5 74.Rd8+ Kc6 75.Nd2 Re1+ 76.Kd3 Re7 77.Rd4 Rd7 78.Nf3  1/2-1/2

[Event "IX Dos Hermanas Internet"]
[Site "ICC INT"]
[Date "2008.04.05"]
[Round "3.4"]
[White "Nakamura,H"]
[Black "Andriasian,Z"]
[Result "1-0"]
[WhiteElo "2686"]
[BlackElo "2533"]

1.d4 Nf6 2.c4 g6 3.Nc3 Bg7 4.e4 d6 5.f3 O-O 6.Bg5 c5 7.d5 a6 8.a4 Nbd7 9.Nh3 Rb8
10.Qd2 Re8 11.Be2 Ne5 12.Nf2 Qa5 13.O-O Qb4 14.a5 Nxc4 15.Bxc4 Qxc4 16.Ra4 Qb3
17.Rc1 Bd7 18.Ra3 Qb4 19.Nd3 Qd4+ 20.Be3 Bh6 21.Nd1 Bxe3+ 22.Qxe3 Qxe3+ 23.Nxe3 b5
24.axb6 Rxb6 25.Nc4 Rbb8 26.Rxa6 Bb5 27.Ra3 Bxc4 28.Rxc4 Rb7 29.b4 cxb4 30.Rxb4 Rxb4
31.Nxb4 Nd7 32.Nc6 Ne5 33.Kf2 Kg7 34.Ra7 Nxc6 35.dxc6 Rc8 36.Ra6 Kf6 37.Ke3 e5
38.Kd3 Ke6 39.Kc4 f5 40.Kb5 Rb8+ 41.Rb6 Rc8 42.Rb7 fxe4 43.fxe4 d5 44.exd5+ Kxd5
45.Rd7+ Ke6 46.Rxh7 e4 47.Kc5 Ra8 48.Kb6 e3 49.Rh3 Rb8+ 50.Ka7 Rb3 51.c7 Kd7
52.Rh7+ Kc8 53.Re7 Rb2 54.h4 Rxg2 55.Kb6 Rb2+ 56.Kc6 Rc2+ 57.Kd6 Rd2+ 58.Ke6 e2
59.Kf6 Rd4 60.Kg5 Rd6 61.Rxe2 Kxc7 62.Re1 Kd7 63.Re2 Ra6 64.Re3 Rb6 65.Re4 Ra6
66.Kh6 Rb6 67.Kg7 Ra6 68.Rg4 Ke8 69.Re4+ Kd7 70.Kf7 g5 71.hxg5 Ra5 72.g6 Rf5+
73.Kg8 Rf1 74.g7 Rh1 75.Re2 Rf1 76.Rh2 Rh1 77.Rxh1  1-0

[Event "IX Dos Hermanas Internet"]
[Site "ICC INT"]
[Date "2008.04.05"]
[Round "3.2"]
[White "Nakamura,H"]
[Black "Andriasian,Z"]
[Result "1/2-1/2"]
[WhiteElo "2686"]
[BlackElo "2533"]

1.d4 d5 2.c4 c6 3.Nf3 Nf6 4.Nc3 e6 5.Bg5 dxc4 6.e4 b5 7.e5 h6 8.Bh4 g5 9.Bg3 Nd5
10.Nd2 Nd7 11.a4 b4 12.Nce4 c3 13.Nc4 cxb2 14.Nxb2 b3 15.Bd3 Bb4+ 16.Kf1 a5
17.Qxb3 Rb8 18.Qc2 Bb7 19.h4 g4 20.h5 Qb6 21.Nc4 Qxd4 22.Rd1 Kf8 23.Be2 Qa7
24.Rh4 Ba6 25.Rxg4 Be7 26.Ned6 N7b6 27.Nxf7 Nxc4 28.Bxc4 Bxc4+ 29.Rxc4 Rg8
30.Rxd5 cxd5 31.Rf4 Ke8 32.Nd6+ Kd8 33.Qh7 Qc5 34.Qxg8+ Kc7 35.Ne8+ Rxe8
36.Qxe8 Qc1+ 37.Ke2 Qc2+ 38.Ke1 Qc1+ 39.Ke2  1/2-1/2

[Event "IX Dos Hermanas Internet"]
[Site "ICC INT"]
[Date "2008.04.05"]
[Round "3.1"]
[White "Andriasian,Z"]
[Black "Nakamura,H"]
[Result "1/2-1/2"]
[WhiteElo "2533"]
[BlackElo "2686"]

1.d4 Nf6 2.Nf3 e6 3.c4 b6 4.g3 Ba6 5.b3 d5 6.cxd5 Nxd5 7.Bg2 Bb4+ 8.Bd2 c5
9.O-O O-O 10.Re1 Nc6 11.Bxb4 cxb4 12.e4 Nde7 13.a3 Rc8 14.axb4 Bb5 15.Nc3 a6
16.Nxb5 axb5 17.Qd2 Qd6 18.Ra6 Nb8 19.Ra7 Nec6 20.Rb7 Qxb4 21.Qxb4 Nxb4 22.Rxb6 Rfd8
23.Rxb5 Nc2 24.Rd1 Nc6 25.d5 e5 26.h4 N6d4 27.Nxd4 Nxd4 28.Rb7 Rb8 29.Re7 Re8
30.Rxe8+ Rxe8 31.b4 Rb8 32.Rb1 Kf8 33.Bf1 Nf3+ 34.Kg2 Nd2 35.Rb2 Nxe4 36.b5 Rb6
37.Ra2 Nc3 38.Ra6 Rb8 39.d6 Ke8 40.Ra3 Ne4 41.Re3 Nxd6 42.Rxe5+ Kd7 43.Rd5 Ke6
44.Rc5 Kd7 45.Bd3 h6 46.h5 Rb6 47.f4 Rb8 48.Kf3 Ra8 49.Ke3 Ra3 50.g4 Rb3
51.g5 f6 52.g6 Nb7 53.Rd5+ Ke6 54.Kd4 Rb4+ 55.Bc4 Na5 56.Rc5+ Kd6 57.Rd5+ Ke6
58.Rc5+ Kd6 59.Rd5+ Kc7 60.Rc5+ Kb6 61.Kd5 Rb1 62.Rc8 Rc1 63.f5 Kb7 64.Rc5 Kb6
65.Rc8  1/2-1/2

[Event "TCh-FRA Top 16 Gp A"]
[Site "Noyon FRA"]
[Date "2008.04.11"]
[Round "5"]
[White "Shoker,S"]
[Black "Nakamura,H"]
[Result "0-1"]
[WhiteElo "2381"]
[BlackElo "2670"]

1.g3 f5 2.Bg2 Nf6 3.c4 g6 4.Nc3 Bg7 5.Nf3 d6 6.O-O e5 7.d3 O-O 8.Rb1 Re8
9.b4 c6 10.Qb3 h6 11.b5 c5 12.e4 fxe4 13.dxe4 Nbd7 14.Ne1 Nf8 15.Nc2 Ne6
16.Ne3 Nd4 17.Qd1 Be6 18.a4 Qd7 19.Bb2 Rf8 20.Ncd5 Rae8 21.Bc3 b6 22.Rb2 h5
23.h4 Bh6 24.Nxf6+ Rxf6 25.Nd5 Rf7 26.a5 Bxd5 27.exd5 e4 28.Bxd4 cxd4 29.Re2 Qg4
30.Kh2 d3 31.Rxe4 Rxe4 32.f3 Rxf3 33.Rxf3 Re3 34.axb6 axb6 35.c5 dxc5 36.d6 Qd4
37.Qb3+ c4 38.Qa4 d2 39.Qa8+ Kh7 40.Rf7+ Bg7  0-1

[Event "TCh-FRA Top 16 Gp A"]
[Site "Noyon FRA"]
[Date "2008.04.12"]
[Round "6"]
[White "Kasimdzhanov,R"]
[Black "Nakamura,H"]
[Result "1/2-1/2"]
[WhiteElo "2681"]
[BlackElo "2670"]

1.d4 d5 2.c4 c6 3.Nc3 Nf6 4.Nf3 e6 5.e3 Nbd7 6.Qc2 Bd6 7.Bd3 O-O 8.O-O dxc4
9.Bxc4 a6 10.Rd1 c5 11.dxc5 Bxc5 12.Be2 b5 13.Ne4 Qb6 14.Nxc5 Qxc5 15.Qxc5 Nxc5
16.b3 Bb7 17.Bb2 Rfc8 18.Rac1 Nd5 19.Ne1 Rc7 20.Bd4 Ne4 21.Rxc7 Nxc7 22.f3 Nf6
23.e4 Rd8 24.Kf2 Nfe8 25.Bb6 Rxd1 26.Bxd1 e5 27.b4 Bc8 28.Nd3 f6 29.a4 bxa4
30.Bxa4 Kf7 31.Ke3 Nb5 32.Bb3+ Ke7 33.f4 exf4+ 34.Nxf4 Ned6 35.Nd5+ Kd7 36.Bc5 Bb7
37.g4 Nxe4 38.Kxe4 Ke6 39.Bc4 g6 40.Bxb5 axb5  1/2-1/2

[Event "17th Open"]
[Site "Chicago USA"]
[Date "2008.05.25"]
[Round "4"]
[White "Nakamura,H"]
[Black "Felecan,F"]
[Result "1-0"]
[WhiteElo "2686"]
[BlackElo "2377"]

1.e4 c5 2.Nf3 d6 3.d4 cxd4 4.Nxd4 Nf6 5.Nc3 a6 6.Bc4 e6 7.Bb3 b5 8.f4 Bb7
9.e5 dxe5 10.fxe5 Bc5 11.Be3 Bxd4 12.Qxd4 Qxd4 13.Bxd4 Nfd7 14.O-O-O O-O
15.Rhe1 Bxg2 16.Bf2 Rc8 17.a4 Nf8 18.axb5 axb5 19.Nxb5 Ra1+ 20.Kd2 Rd8+ 21.Nd6 Rxd1+
22.Kxd1 Ng6 23.Bb6 Rd7 24.Kc1 Nc6 25.Nc4 Rb7 26.Bf2 Rb8 27.Ba4 Bd5 28.Bxc6 Bxc6
29.Na5 Bg2 30.Bc5 Nf4 31.Bd6 Ra8 32.b4 g5 33.Kd2 h5 34.c4 h4 35.Be7 Nh3 36.c5 Nf4
37.Bxg5 Nd5 38.Rb1 Kh7 39.c6 h3 40.Nc4 Kg6 41.Bh4 Kh5 42.Bf2 Ra2+ 43.Rb2 Rxb2+
44.Nxb2 Nxb4 45.c7 Bb7 46.Nc4 Nc6 47.Nd6 Ba6 48.Nxf7 Ne7 49.Bc5 Nd5 50.Bd6 Kg4
51.Ke1 Kf3 52.Ng5+ Kg2 53.Nxe6 Kxh2 54.Kf2 Kh1 55.Ng5 Bc8 56.Kg3 Ne3 57.Nxh3 Nf5+
58.Kf4 Nxd6 59.exd6  1-0

[Event "TCh-FRA Top 16 Poule Basse"]
[Site "Evry FRA"]
[Date "2008.05.30"]
[Round "9"]
[White "Schlosser,P"]
[Black "Nakamura,H"]
[Result "0-1"]
[WhiteElo "2563"]
[BlackElo "2686"]

1.d4 Nf6 2.c4 c5 3.Nf3 g6 4.Nc3 Bg7 5.e4 cxd4 6.Nxd4 Nc6 7.Nc2 d6 8.Be2 Nd7
9.Bd2 Nc5 10.O-O O-O 11.f3 Bxc3 12.Bxc3 Na4 13.Qd2 f5 14.exf5 Bxf5 15.Kh1 Nxc3
16.Qxc3 Bxc2 17.Qxc2 Qb6 18.Qd2 Qd4 19.Rad1 Qxd2 20.Rxd2 Rac8 21.Kg1 Rf5
22.Rc1 a5 23.Kf2 a4 24.Rc3 Rc5 25.Rd5 Nb4 26.Rxc5 dxc5 27.a3 Nc6 28.Bd1 Ra8
29.Ke3 Nd4 30.Kd2 Kf7 31.Re3 Kf6 32.f4 Nf5 33.Re5 Rd8+ 34.Ke1 b6 35.Bxa4 Rd4
36.g3 Rxc4 37.Bb3 Rc1+ 38.Kd2 Rh1 39.Re6+ Kg7 40.Rxb6 Rxh2+ 41.Kc3 Nxg3 42.Bd5 Ne2+
43.Kc4 Nxf4 44.Bb7 Rc2+ 45.Kb3 Rc1 46.a4 Ra1 47.Rc6 h5 48.Rxc5 h4 49.a5 Ne6
50.Rd5 h3  0-1

[Event "TCh-FRA Top 16 Poule Basse"]
[Site "Evry FRA"]
[Date "2008.05.31"]
[Round "10"]
[White "Nakamura,H"]
[Black "Adla,D"]
[Result "1-0"]
[WhiteElo "2686"]
[BlackElo "2490"]

1.c4 Nf6 2.Nc3 e5 3.e3 c6 4.Nf3 e4 5.Nd4 d5 6.cxd5 cxd5 7.d3 exd3 8.Qxd3 Nc6
9.g3 Bb4 10.Bg2 Ne5 11.Qc2 Qa5 12.Bd2 Nc4 13.a3 Nxd2 14.axb4 Qxa1+ 15.Kxd2 Qa6
16.Ncb5 O-O 17.Nc7 Qd6 18.Nxa8 Bd7 19.Nc7 Rc8 20.Rc1 Ne8 21.Qc5 Qxc5 22.bxc5 Nxc7
23.c6 bxc6 24.Nxc6 Re8 25.Ne7+ Rxe7 26.Rxc7 Kf8 27.Rxa7 Be6 28.Ra8+ Re8 29.Rxe8+ Kxe8
30.Kc3 Kd7 31.Kd4 Kd6 32.b4 f6 33.Bf1 Bd7 34.Bd3 h6 35.Ba6 Bg4 36.Bb7 Be6
37.b5 Bf7 38.b6 Be6 39.Ba6 Kc6 40.b7 Kc7 41.Kc5 Bg8 42.Be2  1-0

[Event "TCh-FRA Top 16 Poule Basse"]
[Site "Evry FRA"]
[Date "2008.06.01"]
[Round "11"]
[White "Vaisser,A"]
[Black "Nakamura,H"]
[Result "1/2-1/2"]
[WhiteElo "2539"]
[BlackElo "2686"]

1.d4 Nf6 2.c4 e6 3.Nc3 Bb4 4.e3 b6 5.Ne2 Ne4 6.Bd2 Nxd2 7.Qxd2 Bb7 8.a3 Bxc3
9.Nxc3 O-O 10.d5 d6  1/2-1/2